1764 1769 1649 1402 1866 1684 1959 1583 1222 1609 1372 1743 1102 1862 1996 1026 1769 1295 1966 1619 1164 1985 1505 1101 1699 1285 1354 1635 1542 1503 1275 1296 1325 1460 1289 1121 1381 1577 1673 1614 1387 1443 1927 1197 1574 1005 1231 1893 1893 1846 1432 1636 1073 1700 1890 1117 1212 1018 1638 1608 1917 1061 1916 1704 1308 1991 1517 1553 1839 1336 1566 1005 1014 1918 1239 1865 1138 1304 1881 1863 1558 1929 1479 1665 1734 1045 1455 1077 1074 1122 1520 1470 1913 1713 1781 1982 1428 1413 1391 BCNSPRNW ULIB Ver.6.0+V

เปลี่ยนเป็นภาษาไทย

Change to English
 แสดงรายละเอียดบรรณานุกรม
  กลับหน้าหลัก

Brief Record : Get Marc (ISO 2709) : E-mail record : QR code < ปิดหน้าต่าง
LEADER : 00000nam 2200000uu 4500
001    13399122147
003     ULIB
008    130107s2548||||th 000 0 tha d
020    ^a9748817965
060 04 ^aWY18.2^bว587ส ล1
110 1  ^aวิทยาลัยพยาบาลเครือข่ายภาคกลาง
245 00 ^aสาระทบทวนการพยาบาลผู้ใหญ่ /^cวิทยาลัยพยาบาลเครือข่ายภาคกลาง
250    ^aพิมพ์ครั้งที่ 1
260    ^aกรุงเทพฯ :^bวิทยาลัยพยาบาลเครือข่ายภาคกลาง,^c2548
300    ^a189 หน้า
650  7 ^aการพยาบาลผู้ใหญ่
650  7 ^aสาระทบทวน
945    ^p0^l0^i13705
995    ^aกัณชพร
999 ^a ใช้งานได้ทุกระบบ
รายการนี้ยังไม่มีแท็ก
คุณยังไม่ได้ล็อกอิน คุณสามารถมีกิจกรรมร่วมกับเว็บไซต์ได้ แต่ต้องล็อกอินก่อน ::
  ล็อกอิน

รายการสื่อสารสนเทศ

ลำดับที่ ประเภท เลขเรียก/บาร์โค้ด สถานที่ สถานะ
1. Book การพยาบาล
Book การพยาบาล
สถานะ=หนังสือเก่า
WY18.2 ว587ส ล1  
  Barcode: 13705
ห้องสมุดวิทยาเขตนครสวรรค์
►หนังสือทั่วไป:l:General Books
บนชั้น

รายการใกล้เคียง
    หัวเรื่อง [การพยาบาลผู้ใหญ่]
    หัวเรื่อง [สาระทบทวน]

BibComment


ยังไม่เคยถูกคอมเมนท์

คอมเมนท์ทรัพยากรรายการนี้
  คอมเมนท์: สาระทบทวนการพยาบ..


 Copyright 2026. Bcnsprnw @Library